Normal view
MARC view
- Skinnell, Ryan.
Entry Personal Name
001 - CONTROL NUMBER
- control field: 64750
003 - CONTROL NUMBER IDENTIFIER
- control field: OSt
005 - DATE AND TIME OF LATEST TRANSACTION
- control field: 20250123192045.0
008 - FIXED-LENGTH DATA ELEMENTS
- fixed length control field: 250123|| aca||aabn | a|a d
040 ## - CATALOGING SOURCE
- Original cataloging agency: OSt
100 ## - HEADING--PERSONAL NAME
- Personal name: Skinnell, Ryan.
- Relator term: author.
